000 00341nam a2200145Ia 4500
008 200305s9999 xx 000 0 und d
082 _a370.15
082 _bORE
100 _aORMROD, JEANNE ELLIS
245 _aEDUCATIONAL PSYCHOLOGY DEVELOPMENT
260 _aNEW DELHI
_bPEARSON
300 _a557
650 _aPSYCHOLOGY
999 _c38192
_d38192
041 _aeng